Ramcharitmanas in the diaspora : (Record no. 154130)

MARC details
000 -LEADER
fixed length control field 00602nam a22001937a 4500
005 - DATE AND TIME OF LATEST TRANSACTION
control field 20180717110541.0
010 ## - LCCN (DPL NO)
LC control number ENG-123477
020 ## - INTERNATIONAL STANDARD BOOK NUMBER
International Standard Book Number 9788176504607
Terms of availability 200.00
035 ## - SYSTEM CONTROL NUMBER
System control number EN-107009
037 ## - SOURCE OF ACQUISITION
Source of stock number/acquisition DBAD/PUB
082 ## - DEWEY DECIMAL CLASSIFICATION NUMBER
Classification number 230.1
100 ## - MAIN ENTRY--PERSONAL NAME
Personal name Shukla, Usha Devi
245 ## - TITLE STATEMENT
Title Ramcharitmanas in the diaspora :
Statement of responsibility, etc by Usha Devi Shukla
Remainder of title Trinidad, Mauritius, and South Africa /
260 ## - PUBLICATION, DISTRIBUTION, ETC. (IMPRINT)
Place of publication, distribution, etc New Delhi
Name of publisher, distributor, etc Star Publications
Date of publication, distribution, etc 2011
270 ## - ADDRESS
Address 4/5B, Asaf Ali Road,
City New Delhi
Postal code 110002
300 ## - PHYSICAL DESCRIPTION
Extent 280p.
Dimensions 22cm.(Hb)
500 ## - GENERAL NOTE
General note It includes index
942 ## - ADDED ENTRY ELEMENTS (KOHA)
Source of classification or shelving scheme Dewey Decimal Classification
Item type English Books
Call number suffix SHU
Classification part 230.1
Holdings
Withdrawn status Lost status Not for loan Collection code Home library Current library Date acquired Source of acquisition Cost, normal purchase price Full call number Barcode Copy number Cost, replacement price Koha item type
    Not For Loan Non-fiction D.B.Act.Division Central Library 17/07/2018 DBAD/PUB 200.00 230.1 SHU EN-107009 1 200.00 English Books

© Delhi Public Library
Hit Counter
free hit counter